| 000 | 00806nam a22002057a 4500 | ||
|---|---|---|---|
| 999 |
_c16827 _d16827 |
||
| 003 | AR-CdUCM | ||
| 008 | 190506b ||||| |||| 00| 0 spa d | ||
| 040 |
_aMUNICIPALIDAD PROVINCIAL DEL CUSCO _cBIBLIOTECA MUNICIPAL DEL CUSCO |
||
| 082 |
_22ed. _a985.41 / _bP43 |
||
| 100 |
_aPeraltilla Díaz, Artemio _92483 |
||
| 245 | _aOrigen del vocablo Arequipa y su real significado / | ||
| 260 |
_aArequipa : _bEdit. El Sol, _c1971. |
||
| 300 |
_a124 páginas ; _c20 cm. |
||
| 505 | _aContenido: Arequipa del siglo XVI pueblo e valle de Arequipa -- Arequipa vocablo bastardo de las palabras -- Etimología de la palabra: Atiquipa ... | ||
| 650 |
_aLenguaje y lenguas _912915 |
||
| 650 |
_aEtimología _977 |
||
| 650 |
_aArequipa (Perú : Departamento) _936510 |
||
| 942 |
_2ddc _cLIBROS |
||
| 945 |
_aacv _d2019-05-06 |
||